[Event "POL-chT blind Gp-B"]
[Site "Mielno"]
[Date "2011.03.31"]
[Round "7.11"]
[White "Cebula, Jozef"]
[Black "Bomba, Zbigniew"]
[Result "1-0"]
[WhiteElo "1883"]
[BlackElo "1807"]
[PlyCount "33"]
[EventDate "2011.03.27"]
[EventType "team-tourn"]
[EventRounds "10"]
[EventCountry "POL"]
[SourceTitle "EXT 2019"]
[Source "ChessBase"]
[SourceDate "2018.10.10"]
[SourceVersion "1"]
[SourceVersionDate "2018.10.10"]
[SourceQuality "1"]

1. e4 c5 2. Nf3 d6 3. Nc3 a6 4. a3 Nc6 5. Bc4 e6 6. d4 cxd4 7. Nxd4 Nf6 8. 0-0 Be7 9. h3 0-0 10. Be3 Qc7 11. f3 Ne5 12. Bb3 Ng6 13. Qe1 Nh5 14. Nce2 e5 15. Nf5 Bxf5 16. exf5 Ngf4 17. Kh2 1-0

[Event "POL-chT blind Gp-B"]
[Site "Mielno"]
[Date "2011.03.28"]
[Round "2.12"]
[White "Bomba, Zbigniew"]
[Black "Cebula, Jozef"]
[Result "1-0"]
[WhiteElo "1807"]
[BlackElo "1883"]
[PlyCount "105"]
[EventDate "2011.03.27"]
[EventType "team-tourn"]
[EventRounds "10"]
[EventCountry "POL"]
[SourceTitle "EXT 2019"]
[Source "ChessBase"]
[SourceDate "2018.10.10"]
[SourceVersion "1"]
[SourceVersionDate "2018.10.10"]
[SourceQuality "1"]

1. c4 e5 2. g3 Nf6 3. Bg2 c6 4. Nc3 Bc5 5. e3 0-0 6. Nge2 d6 7. 0-0 Bg4 8. a3 a5 9. h3 Bh5 10. d4 exd4 11. exd4 Bb6 12. Be3 Re8 13. Qd2 Bg6 14. Nf4 Bf5 15. Rac1 h6 16. b3 Qd7 17. Kh2 Bc7 18. d5 g5 19. Nfe2 Ne4 20. Nxe4 Bxe4 21. f3 Bg6 22. f4 Qe7 23. Rc3 c5 24. Ng1 Bd8 25. Nf3 f6 26. Re1 Qg7 27. g4 Nd7 28. Rcc1 Rb8 29. Bf1 Be4 30. Kg3 Bg6 31. Bd3 h5 32. Qc2 Bxd3 33. Qxd3 hxg4 34. hxg4 gxf4+ 35. Bxf4 Ne5 36. Nxe5 fxe5 37. Bd2 Qf6 38. Rh1 e4 39. Qe3 Qe5+ 40. Kg2 Bf6 41. Rh5 Qd4 42. Rch1 Re7 43. Qh6 e3 44. Qg6+ Kf8 45. Rh8+ Bxh8 46. Rf1+ Qf6 47. Rxf6+ Bxf6 48. Qxf6+ Ke8 49. Be1 Kd7 50. Bh4 Ree8 51. Bg3 Re5 52. Bxe5 dxe5 53. Qe6+ 1-0

[Event "POL-ch sf blind"]
[Site "Zawoja Osrodek"]
[Date "2011.??.??"]
[Round "1"]
[White "Lipski, Tadeusz"]
[Black "Cebula, Jozef"]
[Result "1-0"]
[WhiteElo "2046"]
[BlackElo "1883"]
[PlyCount "41"]
[EventDate "2011.??.??"]
[EventType "swiss"]
[EventRounds "9"]
[EventCountry "POL"]
[SourceTitle "EXT 2013"]
[Source "ChessBase"]
[SourceDate "2012.11.22"]
[SourceVersion "1"]
[SourceVersionDate "2012.11.22"]
[SourceQuality "1"]

1. d4 d5 2. Nc3 Nf6 3. Bg5 e6 4. e4 Be7 5. e5 Nfd7 6. h4 h6 7. Bxe7 Qxe7 8. Qg4 0-0 9. f4 a6 10. Bd3 c5 11. f5 exf5 12. Qxf5 g6 13. Nxd5 Qd8 14. Qf4 Kg7 15. Nf3 cxd4 16. h5 g5 17. Qe4 Rh8 18. Nxd4 Nc5 19. Qf3 Re8 20. 0-0 Rxe5 21. Qxf7+ 1-0

[Event "POL-chT blind"]
[Site "Mielno"]
[Date "2010.03.25"]
[Round "7.8"]
[White "Cebula, Jozef"]
[Black "Boese, Artur"]
[Result "1/2-1/2"]
[WhiteElo "1954"]
[BlackElo "1921"]
[PlyCount "46"]
[EventDate "2010.03.21"]
[EventType "team-tourn"]
[EventRounds "10"]
[EventCountry "POL"]
[SourceTitle "EXT 2011"]
[Source "ChessBase"]
[SourceDate "2010.11.26"]
[SourceVersion "1"]
[SourceVersionDate "2010.11.26"]
[SourceQuality "1"]

1. e4 d6 2. Nc3 Nf6 3. Nf3 g6 4. d4 Bg7 5. Bc4 0-0 6. 0-0 Nxe4 7. Bxf7+ Rxf7 8. Nxe4 Bg4 9. Bg5 Bxf3 10. gxf3 Qf8 11. c3 Rxf3 12. Qb3+ Rf7 13. Qxb7 Nd7 14. Qxc7 Nb6 15. Rab1 Qe8 16. Rfe1 Qa4 17. a3 Qa6 18. Bxe7 Re8 19. Nxd6 Nd5 20. Qc5 Rexe7 21. Qxd5 Rd7 22. Re6 Rd8 23. Rbe1 Bf8 1/2-1/2

[Event "POL-chT blind"]
[Site "Mielno"]
[Date "2010.03.22"]
[Round "2.8"]
[White "Boese, Artur"]
[Black "Cebula, Jozef"]
[Result "1-0"]
[WhiteElo "1921"]
[BlackElo "1954"]
[PlyCount "69"]
[EventDate "2010.03.21"]
[EventType "team-tourn"]
[EventRounds "10"]
[EventCountry "POL"]
[SourceTitle "EXT 2011"]
[Source "ChessBase"]
[SourceDate "2010.11.26"]
[SourceVersion "1"]
[SourceVersionDate "2010.11.26"]
[SourceQuality "1"]

1. Nf3 Nf6 2. g3 d5 3. Bg2 Nc6 4. 0-0 e5 5. d3 Be7 6. Nbd2 0-0 7. c4 e4 8. Ne1 Bf5 9. cxd5 Qxd5 10. Nc2 Qe6 11. dxe4 Nxe4 12. Nb3 Rad8 13. Bd2 Qd7 14. Bf4 Qc8 15. Qc1 Bf6 16. Na3 a6 17. f3 Nd6 18. e4 Nd4 19. Nxd4 Bxd4+ 20. Be3 Bxe3+ 21. Qxe3 Be6 22. h3 b6 23. Rac1 a5 24. f4 c5 25. f5 Bd7 26. Rfd1 Ba4 27. Rf1 Bd7 28. f6 gxf6 29. Nc4 Qc7 30. Rxf6 Kh8 31. Qh6 Be6 32. Rd1 Rg8 33. Ne3 Rg7 34. Nf5 Bxf5 35. exf5 1-0

[Event "POL-chT blind B"]
[Site "Jarnoltowek"]
[Date "2007.03.23"]
[Round "9.2"]
[White "Sajdych, Wlodzimierz"]
[Black "Cebula, Jozef"]
[Result "1/2-1/2"]
[WhiteElo "2019"]
[BlackElo "1940"]
[PlyCount "26"]
[EventDate "2007.03.17"]
[EventType "team"]
[EventRounds "10"]
[EventCountry "POL"]
[SourceTitle "EXT 2019"]
[Source "ChessBase"]
[SourceDate "2018.10.10"]
[SourceVersion "1"]
[SourceVersionDate "2018.10.10"]
[SourceQuality "1"]

1. d4 d5 2. Nf3 Nf6 3. Nbd2 Bf5 4. Ne5 Nbd7 5. e3 Nxe5 6. dxe5 Nd7 7. f4 e6 8. Nf3 c5 9. c4 Nb6 10. cxd5 Qxd5 11. Bb5+ Nd7 12. 0-0 0-0-0 13. b3 Be7 1/2-1/2

[Event "POL-ch blind 33rd"]
[Site "Zakopane"]
[Date "2004.06.04"]
[Round "8"]
[White "Cebula, Jozef"]
[Black "Kowalczyk, Marian"]
[Result "1-0"]
[WhiteElo "2000"]
[BlackElo "2000"]
[PlyCount "77"]
[EventDate "2004.05.29"]
[EventType "tourn"]
[EventRounds "13"]
[EventCountry "POL"]
[SourceTitle "EXT 2019"]
[Source "ChessBase"]
[SourceDate "2018.10.10"]
[SourceVersion "1"]
[SourceVersionDate "2018.10.10"]
[SourceQuality "1"]

1. e4 c5 2. Nf3 Nc6 3. Nc3 e5 4. Bc4 Be7 5. Nd5 Nf6 6. d3 d6 7. Nc3 Bg4 8. h3 Bh5 9. g4 Bg6 10. Nh4 a6 11. a3 Qd7 12. g5 Nh5 13. Nd5 Bd8 14. c3 Ne7 15. Qf3 Rf8 16. Be3 Nxd5 17. Bxd5 f6 18. Qg4 fxg5 19. Nxg6 hxg6 20. 0-0-0 Rb8 21. Be6 Qe7 22. Bc4 Nf4 23. Bb3 b5 24. a4 Qd7 25. axb5 axb5 26. Kc2 Qxg4 27. hxg4 Kd7 28. Ra1 Kc7 29. Ra7+ Rb7 30. Ra6 Bf6 31. Bxf4 gxf4 32. Bd5 Rbb8 33. Ra7+ Kd8 34. Be6 Be7 35. Rh7 Rf6 36. Bd5 Bf8 37. Rh8 g5 38. Bf7 Rxf7 39. Rxf7 1-0